Регионална библиотека "Любен Каравелов" - Русе

Дон Сегундо Сомбра (Запис номер 150334)

MARC детайли
000 -Лидер
Контролно поле с фиксирана дължина 01068nam a2200301 c 4500
003 - Код на организацията, давaща контролен номер
Контролно поле BLK
005 - Дата и час на последна редакция
Контролно поле 20220601103415.0
008 - Елементи от данни с фиксирана дължина
fixed length control field 180410b bul|||||r ||||||| ||bul||
010 ## - Наследен системен номер
LC control number KNG00156655000
040 ## - Източник на каталожния запис
Идентификатор на билиотеката - собственик на записа BLK
041 ## - Код за език
Код за езика на текст/звукозапис или на отделно заглавие Български
Код за езика КДБФ Български
080 ## - УДК
Текстов определител УДК Аржентинска литература
УДК код - определител по УДК 821.134.2(82)
УДК определител -31
УДК - код + определител 821.134.2(82)-31
100 1# - Редна дума - Автор
Автор Гуиралдес, Рикардо
Авторска отговорност първи автор
R(LIN) 57052
139 ## - Редно поле
Редна дума Гуиралдес, Рикардо
245 10 - Сведения за заглавието
Заглавие Дон Сегундо Сомбра
Подзаглавни данни Роман
Редно поле (дума) Рикардо Гуиралдес; прев. от исп. Дора Попова.
257 ## - Страна на издаване
Страна на създаване/издаване Аржентина
260 ## - Област на издателските данни
Място на издаване, разпространение и проч. София
Име на издателя, разпространителя и проч. Нар. култура
Година на издаване 1966
300 ## - Физическа характеристика
Страници 216 с.
Размери/Мащаб 20 см
380 ## - Жанр
Жанр Худож. лит.
500 ## - Общи забележки
Забележка Авт. не е даден на кор.
700 1# - Други автори (авторска отговорност)
Лично име Попова, Дора
Автороска отговорност (Описва отношението между автора и произведението) прев. от исп.
9 (RLIN) 365127
852 ## - Местоположение
Форматна сигнатура Цб 38306
Фондова буква Хранилище
856 4# - Електронен адрес и достъп
Електронен формат pdf - файл
856 4# - Електронен адрес и достъп
Електронен формат pdf - файл
999 ## - СИСТЕМНИ КОНТРОЛНИ НОМЕРА
Koha biblionumber 150334
Koha biblioitemnumber 150334
942 ## - АРТИКУЛИ
Вид на библиотечния материал Книги
Скрит в OPAC Не
Периодичен библиозапис Да
944 ## - СЪЗДАВАНЕ И РЕДАКЦИЯ на ЗАПИСА
Създаване/Редакция Създаване
Дата на регистрацията/редакция 27.09.2016
Служител, извършил регистрацията/редакцията Правда_Бадева
944 ## - СЪЗДАВАНЕ И РЕДАКЦИЯ на ЗАПИСА
Създаване/Редакция Редакция
Дата на регистрацията/редакция 2022-06-01
Служител, извършил регистрацията/редакцията СТ
999 ## - СИСТЕМНИ КОНТРОЛНИ НОМЕРА
Koha biblioitemnumber 150334
Наличности
Код за отписване Код за изгубен артикул Източник на класификационната схема Код за повреда Коз за рестрикции Код за отдаване Артикулен № Име на библиотеката - собственик Име на библиотеката, в която се намира в момента Статус (Текущо местоположение) Дата на вписване в системата Местоположение - отдел Цена в лева Инвентарен номер Систематично азбучна сигнатура Баркод Номер на екземпляра Цена в евро Служебна бележка Служебен тип на артикула Бележка за публиката
  Не е изгубен Universal Decimal Classification Не е повреден без рестрикции ползва се в читалня 251326 Регионална библиотека "Любен Каравелов" Русе Регионална библиотека "Любен Каравелов" Русе Хранилище 1966-01-01 Хранилище 0.76 11031/66 Цб 38306 900000097944 1 0.39 N: стар фонд Дата: 01.01.1966 Книги  
Изтеглен Не е изгубен Universal Decimal Classification Не е повреден без рестрикции заемане за дома 251327 Регионална библиотека "Любен Каравелов" Русе Регионална библиотека "Любен Каравелов" Русе Заемна - подръчен фонд 1966-01-01 Заемна - подръчен фонд 0.00 11433/66 П 860(7/8)-31/Г 91 11433/66 2 0.00 N: стар фонд Дата: 01.01.1966 Книги  
Изтеглен Не е изгубен Universal Decimal Classification Не е повреден без рестрикции заемане за дома 251328 Регионална библиотека "Любен Каравелов" Русе Регионална библиотека "Любен Каравелов" Русе Заемна - подръчен фонд 1966-01-01 Заемна - подръчен фонд 0.00 11434/66 П 860(7/8)-31/Г 91 11434/66 3 0.00 N: стар фонд Дата: 01.01.1966 Книги  
Изтеглен Не е изгубен   Не е повреден без рестрикции заемане за дома 251329 Регионална библиотека "Любен Каравелов" Русе Регионална библиотека "Любен Каравелов" Русе   1966-01-01 Заемна - подръчен фонд 0.76 53096 П 860(7/8)-31/Г 91 53096 4 0.39 N: стар фонд Дата: 01.01.1966 Книги Отч.N: 19/2018 , Дата: 22.03.2018
Vip Innovations Ltd, Rousse, Bulgaria 2025